Εσωτερική Παθολογία / Δέκατη Έκδοση. (Record no. 5087)
[ view plain ]
| 000 -LEADER | |
|---|---|
| fixed length control field | 02303cam a22001934a 4500 |
| 005 - ΗΜΕΡΟΜΗΝΙΑ ΚΑΙ ΩΡΑ ΤΕΛΕΥΤΑΙΑΣ ΕΝΗΜΕΡΩΣΗΣ | |
| Πεδίο ελέγχου | 20250605164204.0 |
| 008 - FIXED-LENGTH DATA ELEMENTS--GENERAL INFORMATION | |
| Πεδίο ελέγχου σταθερού μήκους | 250528s ||||||||||||||||||||||||d |
| 035 ## - SYSTEM CONTROL NUMBER | |
| System control number | 19841 |
| 040 ## - ΠΗΓΗ ΚΑΤΑΛΟΓΟΓΡΑΦΗΣΗΣ | |
| Φορέας πρωτότυπης καταλογογράφησης | MC Athens Campus Library |
| Γλώσσα καταλογογράφησης | Ελληνικά, Μοντέρνα (1453-) |
| Modifying agency | MC Athens Campus Library |
| Κανόνες περιγραφικής καταλογογράφησης | AACR2 |
| 245 1# - ΤΙΤΛΟΣ ΚΑΙ ΔΗΛΩΣΗ ΥΠΕΥΘΥΝΟΤΗΤΑΣ | |
| Τίτλος | Εσωτερική Παθολογία / Δέκατη Έκδοση. |
| Number of part/section of a work | Τόμος Α' |
| 250 ## - EDITION STATEMENT | |
| Edition statement | 10η |
| 260 ## - PUBLICATION, DISTRIBUTION, ETC. | |
| Name of publisher, distributor, etc. | Γρηγόριος Κ. Παρισιάνος, |
| Date of publication, distribution, etc. | 1986 |
| 300 ## - PHYSICAL DESCRIPTION | |
| Extent | 1124 |
| 520 ## - SUMMARY, ETC. | |
| Summary, etc. | Πρόλογος, Εισαγωγή στην Κλινική Ιατρική, Κύριες Εκδηλώσεις της Νόσου: Προσπέλαση στα Κλινικά Προβλήματα, Πόνος, Μεταβολές της Θερμοκρασίας του Σώματος, Διαταραχές της Λειτουργίας του Νευρικού Συστήματος, Διαταραχές της Κυκλοφορικής και Αναπνευστικής Λειτουργίας, Μεταβολές της Γαστρεντερικής Λειτουργίας, Διαταραχές της Νεφρικής Λειτουργίας, Μεταβολές της Αναπαραγωγικής και Γενετήσιας Λειτουργίας, Δερματικές Βλάβες, Βιολογική Θεώρηση κατά την Προσέγγιση στην Κλινική Ιατρική, Γενετική και Νόσοι στον Άνθρωπο, Νόσοι με Υπο- ή Υπερπαραγωγή Ανοσοσφαιρίνων, Κλινική Φαρμακολογία, Διατροφή, Μεταβολικές Οδοί, Μεταβολικές Διαταραχές, Διαταραχές του Μεταβολισμού των Αμινοξέων, Διαταραχές του Μεταβολισμού των Νουκλεϊνικών Οξέων, Διαταραχές Μετάλλων και Μεταλλοπρωτεϊνών, Διαταραχές του Μεταβολισμού των Υδατανθράκων, Διαταραχές του Μεταβολισμού των Λιπιδίων, Γενετικές Διαταραχές που Προβάλουν Πολλαπλά Οργανικά Συστήματα, Ενδοκρινικά Νοσήματα, Νεοπλασία. |
| 700 1# - ΠΡΟΣΘΕΤΗ ΑΝΑΓΡΑΦΗ--ΦΥΣΙΚΟ ΠΡΟΣΩΠΟ | |
| Personal name | Harrison T. R |
| 9 (RLIN) | 6003 |
| 942 ## - ADDED ENTRY ELEMENTS (KOHA) | |
| Koha item type | Books |
| Τύπος τεκμηρίου | Βιβλιοθήκη | Τρέχουσα τοποθεσία | Barcode | Αριθμός εισαγωγής | Ημερομηνία απόκτησης | Ταξιθετικό σύμβολο | Αριθμός αντιτύπου | Κατάσταση απόσυρσης | Κατάσταση χαμένου | Κατάσταση κατεστραμμένου | Μη δανεισμός | Σύνολο δανεισμών | Ημερομηνία τελευταίας εμφάνισης | Η τιμή ισχύει από |
|---|---|---|---|---|---|---|---|---|---|---|---|---|---|---|
| Books | MC Athens Campus Library | MC Athens Campus Library | 9780000050861 | 5945 | 05/06/2025 | REF 616 HAR V.A | 1 | 05/06/2025 | 05/06/2025 |